000 00686nam a2200217Ii 4500
003 JO-AjNU
008 230606s9999||||xx |||||||||||||| ||und||
020 _a013-182031-2
040 _aJO-AjNU
_beng
_erda
_cJO-AjNU
041 _aeng
050 1 4 _aHF5635 .I654  1995
100 3 _aJones, Kumen H/ Price,Jean B/ Doran,Martha S,
_eauthor
_93423
245 0 0 _aIntroduction to accounting : a user perspective
250 _aPreliminary ed
264 3 1 _aNew Jersey: Prentice Hall ,1995
300 _a607p
_bNotes to the Student(a.1-140)
336 _atext
_btxt
_2rdacontent
337 _aunmediated
_bn
_2rdamedia
338 _avolume
_bnc
_2rdacarrier
650 4 _aAccounting
_93424
999 _aE1787
_c1787
_d1787